Les plus grands acteurs de tous les temps (pt. 3) - Statistiques

Statistiques générales
  • Ce quiz a été pris 1 383 fois
  • Le résultat moyen est 10 sur 20
Statistiques - réponses
Par images Réponse % Correct
Brad Pitt
97%
George Clooney
91%
Bruce Willis
78%
Jim Carrey
76%
Robert Downey Jr.
76%
Sylvester Stallone
69%
Clint Eastwood
59%
Nicolas Cage
57%
Arnold Schwarzenegger
51%
Sean Connery
44%
Mel Gibson
42%
Russell Crowe
38%
Mark Wahlberg
36%
Javier Bardem
33%
Viggo Mortensen
30%
Christoph Waltz
29%
Christopher Lee
27%
Bill Murray
26%
Kevin Costner
19%
Donald Sutherland
17%
Aucun quiz correspondant
Distribution des résultats
% des personnes avec chaque résultat
Percentile par nombre de réponses
Votre historique - résultats
Vous n’avez pas pris ce quiz